00201nam a22000977a 4500020001500000082001500015100001800030245002500048260002200073300000800095 a2825406740 a270.82 SAM aSamartha S.J. aCourage for Dialogue aGenevabWCCc1981 a157